Divokí stanári nemajú strach Ružín je miestom, kde vo vzduchu cítiť zápach ľudských exkrementov

Bibliographic Details
Main Author: -kar- (Author)
Format: Article
Language:Slovak
PhysicalDescription:2 foto
Subjects:

MARC

LEADER 00000nab a2200000 a 4500
001 vtls001016712
003 SK-MaSNL
005 20260305032501.0
008 040720e20010910xo 0 slo
035 |a SN2662 
040 |a SNSK  |b slo  |c SNSK  |e AACR2 
041 0 |a slo 
044 |a xo  |c SK 
080 |a 627.8  |2 1981 
080 |a 338.4  |2 1981 
080 |a 379.8  |2 1981 
100 0 |a -kar-  |4 aut  |9 1029551 
245 1 0 |a Divokí stanári nemajú strach  |b Ružín je miestom, kde vo vzduchu cítiť zápach ľudských exkrementov 
300 |b 2 foto 
650 0 7 |a vodné nádrže  |2 SNSK  |9 4190 
651 7 |a Ružín (Slovensko : zaniknutá obec)  |2 SNSK  |9 58259 
651 7 |a Margecany (Slovensko)  |2 SNSK  |9 43538 
651 7 |a GL,  |2 SNSK  |9 1021384 
655 7 |a periodikum  |2 snkbucl  |9 29553 
773 0 8 |t Spišské hlasy  |g Roč. 2, č.36, 10.9.2001, s. 1,3 
852 |a ZVYKNI  |b KIS3GCP 
999 |c 3320313  |d 3322243